000 00440nam a2200181Ia 4500
005 20250326142433.0
008 250326s9999 xx 000 0 und d
037 _aTextbook
040 _aFMSL
_beng
_cFMSL
041 _aeng
_2eng
084 _qFMSL
100 _aGATT
245 0 _aInternational trade : Trends and statistics
_cGATT
260 _aGATT
_bGATT
_c1994
300 _a143p
942 _cTB
999 _c1295023
_d1295023